Código del trabajo

Bewaard in:
Bibliografische gegevens
Formaat: Boek
Taal:Spaans
Gepubliceerd in: Santiago Jurídica de Chile 1994
Editie:4a. ed
Onderwerpen:
Tags: Voeg label toe
Geen labels, Wees de eerste die dit record labelt!

MARC

LEADER 00000nam a2200000 a 4500
001 UCX9853
003 CL-VaPUC
008 940630e19940000CL |||||||||||||||||spa|d
082 0 4 |a 344.8301  |b COD  |2 21 
245 1 0 |a Código del trabajo 
250 |a 4a. ed 
300 |a 783 p 
942 |c BK 
945 |d 19940630 00:00:00  |a aalvarez 
260 |a Santiago  |b Jurídica de Chile  |c 1994 
500 |a Edición No oficial 
650 7 |a DERECHO LABORAL  |2 CL-VaPUC  |9 15 
651 7 |a CHILE  |2 CL-VaPUC  |9 327352 
583 |a last modification  |c 20170711 04:02:14  |k Rodrigo Vera 
999 |c 228980  |d 228978 
952 |0 0  |1 0  |2 ddc  |4 0  |6 344_830100000000000_COD_1994  |7 0  |8 FOND_LRYV  |9 229492  |a BIBDER  |b BIBDER  |d 2019-11-15  |i 2984741  |o 344.8301 COD 1994  |p 2984741  |r 2023-01-25  |w 2019-11-15  |y BK_X  |k DER